000 00212 a2200097 4500
001 47611
100 _aColby C.B
245 _aGhost crusion H K 33
260 _aLondon
_bWilliam kimber
_c
090 _c30624
_d30624
942 _aNUST-CAE
_c
_c22919
999 _c282684
_d282684